LDR 00905naa#a2200169#i#450# 001 RU\\bibl\121559 005 20260606160254.6 011 ## _a2073-0454 100 ## _a20251219b2025####ek#y0rusy0150####ca 102 ## _aRU 200 1# _aПроблемы допустимости результатов оперативно-розыскной деятельности в кассационной и надзорной инстанциях _eЖурнальная статья 210 1# _aМосква _cМосковский университет МВД России имени В.Я. Кикотя _d2025 215 ## _a4 с. 608 ## _aЖурнальная статья _2local 675 ## _aУголовное право. Уголовное судопроизводство. Криминология. Криминалистика. 343 _z 700 #1 _aОдиназода _gИсфандиер Ахмад 856 4# _amosumvd.editorum.ru _u